000 00611nam a22002297a 4500
003 UA-OsUOA
001 22773
007 ta
008 20031225b un ||||| |||| 00| 0 ukr d
090 _a22.04
_bБ11
942 _cBK
040 _aUA-OsUOA
_bukr
_cUA-OsUOA
_dUA-OsUOA
245 _aБіблія або книги святого письма старого й нового Заповіту
300 _a296 с.
955 _a0
041 _aukr
080 _a22.04
260 _bУкраїнське біблійне товариство
_c1991
044 _aUA
650 7 _2UDC
999 _c309002
_d309002